Sports Quiz

Random Sports Quiz

Name the Clubs in the English Premier League 2013-14 Quiz Stats

Quiz not verified by Sporcle

Also try: Sports Terms
Challenge
Share
Tweet
Embed
Score 0/20 Timer 04:00
0 Plays Today
Rankings Clubs % Correct
Finished 1st (Won)Manchester City
97.8%
Finished 7thManchester United
97.8%
Finished 2ndLiverpool
95.7%
Finished 4thArsenal
95.7%
Finished 3rdChelsea
93.5%
Finished 6thTottenham Hotspur
93.5%
Finished 5thEverton
82.6%
Finished 10thNewcastle United
82.6%
Finished 13thWest Ham United
73.9%
Finished 15thAston Villa
71.7%
Rankings Clubs % Correct
Finished 8thSouthampton
69.6%
Finished 12thSwansea City
69.6%
Finished 14thSunderland
69.6%
Finished 11thCrystal Palace
65.2%
Finished 9thStoke City
63%
Finished 16thHull City
58.7%
Finished 17thWest Bromwich Albion
52.2%
Finished 19th (Relegated)Fulham
52.2%
Finished 20th (Relegated)Cardiff City
52.2%
Finished 18th (Relegated)Norwich City
47.8%

You're not logged in!

Compare scores with friends on all Sporcle quizzes.
Sign Up with Email
OR
Log In

You Might Also Like...

Show Comments

Extras

Top Quizzes Today


Score Distribution

Your Account Isn't Verified!

In order to create a playlist on Sporcle, you need to verify the email address you used during registration. Go to your Sporcle Settings to finish the process.